50 films à remplir - 2020 - Statistiques

Statistiques générales
  • Ce quiz a été pris 168 fois
    31 depuis la dernière actualisation
  • Le résultat moyen est 19 sur 51
Statistiques - réponses
Hint Réponse % Correct
Mon grand-... et moi Père
88%
L'appel de la ... Forêt
81%
... les cons Adieu
77%
Je veux juste en ... Finir
73%
Les blagues de ... Toto
73%
En ... Avant
69%
Le Voyage du Docteur ... Dolittle
65%
Pour l'... Éternité
65%
Les ... 2 : Tournée Mondiale Trolls
65%
De ... Gaulle
62%
Ducobu ... 3
58%
10 jours sans ... Maman
58%
Bad ... for life Boys
54%
Wonder Woman ... 1984
50%
... of Prey Birds
50%
Les Nouveaux ... Mutants
50%
... Grudge The
50%
...bird Black
46%
30 jours ... Max
46%
... (la mort, la vie et le Jazz) Soul
46%
Tout simplement ... Noir
42%
..., le film Sonic
42%
... dans les Cévennes Antoinette
38%
La ... Plateforme
38%
... (avec Mads Mikkelsen) Drunk
35%
... l'historique Effacer
35%
Artemis ... Fowl
35%
... (SATOR AREPO ... OPERA ROTAS) Tenet
35%
Scooby ... !
31%
... - Le Dernier Refuge Greenland
31%
Les Sept de ... Chicago
27%
... Communion La
27%
... Island Nightmare
27%
Le ..., tout le temps Diable
23%
Le ... oublié Prince
23%
His ... House
19%
... Man Invisible
19%
La dernière vie de ... Simon
19%
The ... Gentlemen
15%
Un ... qui se tient sage Pays
15%
Les Enfants du ... Temps
15%
Da ... Bloods - Frères de sang 5
12%
... (avec Russell Crowe) Enragé
12%
... (comédie musicale) Hamilton
12%
The Eight ... Hundred
12%
... (dessiné par Aurel) Josep
12%
... (de David Fincher) Mank
12%
The ... of Staten Island King
8%
Lady ... Business
4%
Blood ... Machines
4%
... & Slim Queen
4%
Aucun quiz correspondant
Distribution des résultats
% des personnes avec chaque résultat
Percentile par nombre de réponses
Votre historique - résultats
Vous n’avez pas pris ce quiz depuis la dernière actualisation